Ando: (Record no. 13474)
[ view plain ]
| 000 -LEADER | |
|---|---|
| fixed length control field | 00787nam a22001937a 4500 |
| 008 - FIXED-LENGTH DATA ELEMENTS--GENERAL INFORMATION | |
| fixed length control field | 100223s2007 gw|||||| ||| 000 0dng d |
| 020 ## - INTERNATIONAL STANDARD BOOK NUMBER | |
| International Standard Book Number | 9783822809303 |
| 082 ## - DEWEY DECIMAL CLASSIFICATION NUMBER | |
| Edition number | 22 |
| Classification number | 720.952092 |
| Item number | JOD |
| 100 ## - MAIN ENTRY--PERSONAL NAME | |
| 9 (RLIN) | 11732 |
| Personal name | Jodidio, Philip |
| 245 ## - TITLE STATEMENT | |
| Title | Ando: |
| Remainder of title | Complete Works/ |
| Statement of responsibility, etc | Philip Jodidio |
| 260 ## - PUBLICATION, DISTRIBUTION, ETC. (IMPRINT) | |
| Place of publication, distribution, etc | Cologne: |
| Name of publisher, distributor, etc | Taschen, 2007 |
| Date of publication, distribution, etc | 2007 |
| 300 ## - PHYSICAL DESCRIPTION | |
| Extent | 500 p. : |
| Other physical details | chiefly ill. (chiefly col.); |
| Dimensions | 30 cm. |
| 500 ## - GENERAL NOTE | |
| General note | Text in English, French and German. |
| 600 ## - SUBJECT ADDED ENTRY--PERSONAL NAME | |
| 9 (RLIN) | 11733 |
| Personal name | ̄Ando, Tadao |
| Dates associated with a name | 1941- |
| 650 ## - SUBJECT ADDED ENTRY--TOPICAL TERM | |
| 9 (RLIN) | 11734 |
| Topical term or geographic name as entry element | Architects |
| Geographic subdivision | Japan |
| 650 ## - SUBJECT ADDED ENTRY--TOPICAL TERM | |
| 9 (RLIN) | 11735 |
| Topical term or geographic name as entry element | Architecture |
| Geographic subdivision | Japan. |
| 942 ## - ADDED ENTRY ELEMENTS (KOHA) | |
| Source of classification or shelving scheme | Dewey Decimal Classification |
| Item type | Book - Borrowing |
| Withdrawn status | Item status | Source of classification or shelving scheme | Damaged status | Not for loan | Vendor | Home library | Current library | Shelving location | Date acquired | Source of acquisition | Cost, normal purchase price | Serial Enumeration / chronology | Total Checkouts | Total Renewals | Full call number | Barcode | Date last seen | Date last borrowed | Koha item type |
|---|---|---|---|---|---|---|---|---|---|---|---|---|---|---|---|---|---|---|---|
| Dewey Decimal Classification | Book store center | Central Library | Central Library | Second Floor | 23/02/2010 | 450.00 | 1 | 6 | 28 | 720.952092 JOD | 000019941 | 15/07/2025 | 14/09/2021 | Book - Borrowing |